Artist, architect and patron : a partnership for posterity /

Bibliographic Details
Other Authors: Asprey, Algernon, Mackay-Lewis, Jeremy, Artley, Alexandra
Format: Book
Language:English
Published: London : Architectural Press, 1980.
Subjects:

MARC

Tag First Indicator Second Indicator Subfields
LEADER 00000cam a2200000 a 4500
001 in00000077884
005 20151008055045.0
008 800904s1980 enkac 00000 eng d
020 |a 0851390757 
035 |a (OCoLC)06679582 
035 |9 AAJ2434AM 
040 |a YSM  |c YSM  |d OCL  |d TXA  |d UtOrBLW 
043 |a e-uk-en 
049 |a TXAM  |c [1804350] 
090 |a NA970  |b .A77 
245 0 0 |a Artist, architect and patron :  |b a partnership for posterity /  |c edited by Alexandra Artley ; with contributions from Algernon Asprey, Jeremy Mackay-Lewis. 
264 1 |a London :  |b Architectural Press,  |c 1980. 
300 |a 95 pages :  |b illustrations (some color), portraits ;  |c 30 cm. 
336 |a text  |b txt  |2 rdacontent 
337 |a unmediated  |b n  |2 rdamedia 
338 |a volume  |b nc  |2 rdacarrier 
650 0 |a Architecture  |z England  |z London  |y 20th century. 
650 0 |a Interior decoration  |z England  |z London. 
650 0 |a Art patronage  |z England  |z London. 
700 1 |a Asprey, Algernon. 
700 1 |a Mackay-Lewis, Jeremy. 
700 1 |a Artley, Alexandra. 
999 |a MARS 
999 f f |s 6934d42a-c145-3361-b1a6-adbe8248aee3  |i 12557791-d672-367e-848b-24e7423014ae  |t 0 
952 f f |p ric  |a Texas A&M University  |b Rellis Campus  |c Joint Library Facility  |d Remote Storage  |t 0  |e NA970 .A77  |h Library of Congress classification  |i unmediated -- volume  |m A14806167700 
998 f f |a NA970 .A77  |t 0  |l Remote Storage